000
00279nam a22001217a 4500
040
_c
HS
082
_a
664
100
_a
ជ្រុន រិទ្ធី
245
_a
food biochemistry
260
_a
RUA
_b
ជ្រុន រិទ្ធី
_c
2011
300
_a
38p.
942
_c
KB
999
_c
8646
_d
8646